000
00326 a2200157 4500
001
190591
020
_a
978-0-230-43232-1
040
_c
Magnum
100
_a
Harrison, James
240
1
0
_a
The rainforest
_l
ING
245
1
0
_a
The rainforest
300
_a
48
362
0
_a
2012
697
_a
LITERATURA INGLESA
942
_c
BK
999
_c
190591
_d
190591